| 000 | 00395nam a2200157Ia 4500 | ||
|---|---|---|---|
| 008 | 230711s9999||||xx |||||||||||||| ||und|| | ||
| 020 | _a978-81-261-3422-9 | ||
| 041 | _aENG | ||
| 082 |
_a630 _bUP-T |
||
| 100 | _aUpadhyaya, R.C. | ||
| 245 | 4 | _aThe Treatise on Aromatic Plants | |
| 260 |
_c2008 _aNew Delhia _bAnmol Publication(P) Ltd. |
||
| 300 | _a264p. | ||
| 650 | _aAgriculture | ||
| 942 | _cBK | ||
| 999 |
_c7619 _d7619 |
||